Ako čo najlepšie využívať peniaze EÚ: situačná správa o rizikách finančného hospodárenia s rozpočtom EÚ situačná správa

Enregistré dans:
Détails bibliographiques
Collectivité auteur: European Court of Auditors
Format: Livre
Langue:slovaque
Publié: Luxembourg Úrad pre vydávanie publikácií Európskej únie 2014
Sujets:
Tags: Ajouter un tag
Pas de tags, Soyez le premier à ajouter un tag!

MARC

LEADER 00000nam a2200000 4500
001 0196175
005 20240318125503.5
020 |a 978-92-872-1153-8 
041 0 |a slo 
044 |a LU 
245 1 0 |a Ako čo najlepšie využívať peniaze EÚ: situačná správa o rizikách finančného hospodárenia s rozpočtom EÚ  |b situačná správa 
264 1 |a Luxembourg  |b Úrad pre vydávanie publikácií Európskej únie  |c 2014 
300 |a 102 s. 
610 2 0 |a audit 
610 2 0 |a revízia 
610 2 0 |a hospodárenie finančné 
610 2 0 |a rozpočty 
610 2 0 |a Európska únia 
710 2 |a European Court of Auditors